000 00186 a2200097 4500
020 _a9781681445373
041 _aeng
100 _aO"neill, Louise
245 _aAsking for it
942 _cBK
999 _c14768
_d14768